000 00287nam a22001337a 4500
008 170523b xxu||||| |||| 00| 0 eng d
020 _a9780618108176
041 _aeng
080 _a94(7/8)
100 _a16
101 _aSHH
245 _aTHE AMERICANS
_cLITTELL, M
942 _2udc
_cBK
999 _c13833
_d13833